<?xml version="1.0" encoding="UTF-8"?>
<record
    xmlns:xsi="http://www.w3.org/2001/XMLSchema-instance"
    xsi:schemaLocation="http://www.loc.gov/MARC21/slim http://www.loc.gov/standards/marcxml/schema/MARC21slim.xsd"
    xmlns="http://www.loc.gov/MARC21/slim">

  <leader>01062nam a22001817a 4500</leader>
  <controlfield tag="008">120725t        xxu||||| |||| 00| 0 eng d</controlfield>
  <datafield tag="020" ind1=" " ind2=" ">
    <subfield code="a">0321434455</subfield>
  </datafield>
  <datafield tag="050" ind1=" " ind2=" ">
    <subfield code="a">QA76.B743</subfield>
  </datafield>
  <datafield tag="100" ind1=" " ind2=" ">
    <subfield code="a">Brookshear, Glenn J.</subfield>
  </datafield>
  <datafield tag="245" ind1=" " ind2=" ">
    <subfield code="a">Computer science: an overview. /</subfield>
    <subfield code="c">Glenn J. Broohshear</subfield>
  </datafield>
  <datafield tag="250" ind1=" " ind2=" ">
    <subfield code="a">9th ed.</subfield>
  </datafield>
  <datafield tag="260" ind1=" " ind2=" ">
    <subfield code="a">Boston:</subfield>
    <subfield code="b">Pearson Addison Wesley,</subfield>
    <subfield code="c">2007.</subfield>
  </datafield>
  <datafield tag="300" ind1=" " ind2=" ">
    <subfield code="a">615 p.:</subfield>
    <subfield code="b">ill.;</subfield>
    <subfield code="c">24cm.</subfield>
  </datafield>
  <datafield tag="500" ind1=" " ind2=" ">
    <subfield code="a">Includes index.</subfield>
  </datafield>
  <datafield tag="505" ind1=" " ind2=" ">
    <subfield code="a">Contents: Introduction -- Data storage -- Data manipulation -- Operating systems -- Networking and the internet -- Algorithms -- Programming languages -- Software engineering -- Data abstractions -- Database systems -- Artificial intelligence -- Theory of computation -- Appendix A: ASCII -- Appendix B: Circuits to manipulate two's complement representations -- Appendix C: A Simple machine language -- Appendix D: High-level language program examples -- Appendix E: The Equivalence of iterative and recursive structures -- Appendix F: Answers to questions &amp; exercises.</subfield>
  </datafield>
  <datafield tag="650" ind1=" " ind2=" ">
    <subfield code="a">Computer science. </subfield>
  </datafield>
  <datafield tag="942" ind1=" " ind2=" ">
    <subfield code="2">lcc</subfield>
    <subfield code="c">BK</subfield>
  </datafield>
  <datafield tag="999" ind1=" " ind2=" ">
    <subfield code="c">1818</subfield>
    <subfield code="d">9318</subfield>
  </datafield>
  <datafield tag="952" ind1=" " ind2=" ">
    <subfield code="0">0</subfield>
    <subfield code="1">0</subfield>
    <subfield code="2">lcc</subfield>
    <subfield code="4">0</subfield>
    <subfield code="7">0</subfield>
    <subfield code="a">WIUC-1</subfield>
    <subfield code="b">WIUC-1</subfield>
    <subfield code="c">GEN</subfield>
    <subfield code="d">2012-07-25</subfield>
    <subfield code="l">0</subfield>
    <subfield code="o">QA76.B743</subfield>
    <subfield code="p">5150/12</subfield>
    <subfield code="r">2012-07-25 00:00:00</subfield>
    <subfield code="t">1</subfield>
    <subfield code="w">2012-07-25</subfield>
    <subfield code="y">BK</subfield>
  </datafield>
  <datafield tag="952" ind1=" " ind2=" ">
    <subfield code="0">0</subfield>
    <subfield code="1">0</subfield>
    <subfield code="2">lcc</subfield>
    <subfield code="4">0</subfield>
    <subfield code="7">0</subfield>
    <subfield code="a">WIUC-1</subfield>
    <subfield code="b">WIUC-1</subfield>
    <subfield code="c">GEN</subfield>
    <subfield code="d">2012-07-25</subfield>
    <subfield code="l">0</subfield>
    <subfield code="o">QA76.B7431</subfield>
    <subfield code="p">5151/12</subfield>
    <subfield code="r">2012-07-25 00:00:00</subfield>
    <subfield code="t">2</subfield>
    <subfield code="w">2012-07-25</subfield>
    <subfield code="y">BK</subfield>
  </datafield>
  <datafield tag="952" ind1=" " ind2=" ">
    <subfield code="0">0</subfield>
    <subfield code="1">0</subfield>
    <subfield code="2">lcc</subfield>
    <subfield code="4">0</subfield>
    <subfield code="7">0</subfield>
    <subfield code="a">WIUC-1</subfield>
    <subfield code="b">WIUC-1</subfield>
    <subfield code="c">GEN</subfield>
    <subfield code="d">2012-07-25</subfield>
    <subfield code="l">0</subfield>
    <subfield code="o">QA76.B7432</subfield>
    <subfield code="p">5152/12</subfield>
    <subfield code="r">2012-07-25 00:00:00</subfield>
    <subfield code="t">3</subfield>
    <subfield code="w">2012-07-25</subfield>
    <subfield code="y">BK</subfield>
  </datafield>
</record>
